<?xml version="1.0" encoding="UTF-8"?>
<record
    xmlns:xsi="http://www.w3.org/2001/XMLSchema-instance"
    xsi:schemaLocation="http://www.loc.gov/MARC21/slim http://www.loc.gov/standards/marcxml/schema/MARC21slim.xsd"
    xmlns="http://www.loc.gov/MARC21/slim">

  <leader>01913    a2200241   4500</leader>
  <controlfield tag="001">45514</controlfield>
  <controlfield tag="005">20260407155727.0</controlfield>
  <controlfield tag="008">260407a2016    arg                 spa d</controlfield>
  <controlfield tag="003">AR-UNSa-BCEJYS</controlfield>
  <datafield tag="040" ind1=" " ind2=" ">
    <subfield code="a">AR-UNSa-BCEJYS</subfield>
    <subfield code="b">spa</subfield>
    <subfield code="c">AR-UNSa-BCEJYS</subfield>
  </datafield>
  <datafield tag="080" ind1=" " ind2=" ">
    <subfield code="a">336.02</subfield>
    <subfield code="x">Pol&#xED;tica financiera. Pol&#xED;tica fiscal</subfield>
  </datafield>
  <datafield tag="245" ind1="1" ind2="0">
    <subfield code="a">Incentivos perversos , gobernantes oportunistas, votantes racionales</subfield>
    <subfield code="p">ensayos sobre la econom&#xED;a pol&#xED;tica de las provincias argentinas</subfield>
  </datafield>
  <datafield tag="020" ind1=" " ind2=" ">
    <subfield code="a">978-987-02-9221-0</subfield>
  </datafield>
  <datafield tag="264" ind1=" " ind2="1">
    <subfield code="a">Buenos Aires :</subfield>
    <subfield code="b">Dunken</subfield>
    <subfield code="c">2016</subfield>
  </datafield>
  <datafield tag="300" ind1=" " ind2=" ">
    <subfield code="a">308 p.</subfield>
    <subfield code="c">23 cm.</subfield>
  </datafield>
  <datafield tag="505" ind1=" " ind2=" ">
    <subfield code="a">Primera Parte: Federalismo, transferencias intergubernamentales y pol&#xED;tica fiscal: 1. Restricci&#xF3;n Presupuestaria Blanda en Sistemas Federales: Incentivos en los gobiernos sub nacionales y Riesgo compartido / Mar&#xED;a Jos&#xE9; Catal&#xE1;n &#x2013; 2. &#xBF;Est&#xE1;n las transferencias nacionales desplazando recursos tributarios provinciales en Argentina? / Ernesto Rezk y Nicol&#xE1;s P&#xE9;rez &#xC1;guila &#x2013; 3. La paradoja de la d&#xE1;diva en provincias argentinas / Marcelo Capello, Albeto Figueras e Iv&#xE1;n Uturralde &#x2013; 4. El Comportamiento Fiscal de los Gobiernos Provinciales en tiempos electorales / Osvaldo Meloni &#x2013; 5. Extensi&#xF3;n. Los rostros del Oportunismo: Peronistas, Radicales y Partidos Provinciales &#x2013; 6. Competencia pol&#xED;tica y pol&#xED;tica fiscal / Osvaldo Meloni &#x2013; Segunda Parte: Reglas de juego, elecciones y desempe&#xF1;o fiscal de los gobiernos provinciales: 7. Determinantes Institucionales del Gasto P&#xFA;blico en las Provincias Argentinas / Jos&#xE9; Bercoff y Jorge Nougu&#xE9;s &#x2013; 8. Sensatez y Sensibilidad: Condiciones socioecon&#xF3;micas y voto femenino / Jos&#xE9; Bercoff y Osvaldo Meloni - </subfield>
  </datafield>
  <datafield tag="041" ind1=" " ind2=" ">
    <subfield code="a">spa</subfield>
  </datafield>
  <datafield tag="942" ind1=" " ind2=" ">
    <subfield code="c">BK</subfield>
  </datafield>
  <datafield tag="590" ind1=" " ind2=" ">
    <subfield code="a">niveau_biblio:m niveau_hierar:0</subfield>
  </datafield>
  <datafield tag="100" ind1="1" ind2=" ">
    <subfield code="a">Meloni, Osvaldo</subfield>
  </datafield>
  <datafield tag="700" ind1="1" ind2=" ">
    <subfield code="a">Bercoff, Jos&#xE9; J.</subfield>
  </datafield>
  <datafield tag="856" ind1="4" ind2="1">
    <subfield code="u">https://www.biblioeco.unsa.edu.ar/pmb/images/libros/L127128.jpg</subfield>
    <subfield code="y">Imagen de portada</subfield>
    <subfield code="q">image/jpeg</subfield>
  </datafield>
  <datafield tag="999" ind1=" " ind2=" ">
    <subfield code="c">3948</subfield>
    <subfield code="d">3948</subfield>
  </datafield>
  <datafield tag="952" ind1=" " ind2=" ">
    <subfield code="0">0</subfield>
    <subfield code="1">0</subfield>
    <subfield code="4">0</subfield>
    <subfield code="7">0</subfield>
    <subfield code="a">BCEJYS</subfield>
    <subfield code="b">BCEJYS</subfield>
    <subfield code="c">16</subfield>
    <subfield code="d">2026-04-07</subfield>
    <subfield code="l">0</subfield>
    <subfield code="o">336.02 B485</subfield>
    <subfield code="p">L127128</subfield>
    <subfield code="r">2026-04-07 15:57:27</subfield>
    <subfield code="w">2026-04-07</subfield>
    <subfield code="y">L</subfield>
  </datafield>
  <datafield tag="952" ind1=" " ind2=" ">
    <subfield code="0">0</subfield>
    <subfield code="1">0</subfield>
    <subfield code="4">0</subfield>
    <subfield code="7">0</subfield>
    <subfield code="a">BCEJYS</subfield>
    <subfield code="b">BCEJYS</subfield>
    <subfield code="c">16</subfield>
    <subfield code="d">2026-04-07</subfield>
    <subfield code="l">0</subfield>
    <subfield code="o">336.02 B485</subfield>
    <subfield code="p">L128274</subfield>
    <subfield code="r">2026-04-07 15:57:27</subfield>
    <subfield code="w">2026-04-07</subfield>
    <subfield code="y">L</subfield>
  </datafield>
</record>
